Der Mantel /

Main Author: Adami, Giuseppe, 1878-1946
Other Authors: Brüggemann, Alfred, 1873-1944, Forzano, Giovacchino, 1883-1970, Gold, Didier, 1874-1931, Puccini, Giacomo, 1858-1924
Language: German
Published: Mailand : Ricordi & Co., 1920
Physical Description: 108 stran
Book
Saved in:
LEADER 01259nam a22003252i 4500
001 001495393
003 CZ BrMZK
005 20160412130603.0
007 ta
008 151105s1920 it er|||||||||||ger d
040 |a BOA001  |b cze  |e rda 
041 1 |a ger  |h ita 
100 1 |a Adami, Giuseppe,  |d 1878-1946  |7 jn20010601194  |4 aut 
245 1 4 |a Der Mantel /  |c van Giuseppe Adami ; nach "La Houppelande" von Didier Gold. Schwester Angelica / von Giovacchino Forzano. Gianni Schicchi / von Giovacchino Forzano ; ins Deutsche übersetzt von Alfred Brüggemann ; musik von Giacomo Puccini 
264 1 |a Mailand :  |b Ricordi & Co.,  |c 1920 
300 |a 108 stran 
336 |a text  |b txt  |2 rdacontent 
337 |a bez média  |b n  |2 rdamedia 
338 |a svazek  |b nc  |2 rdacarrier 
700 1 |a Brüggemann, Alfred,  |d 1873-1944  |7 jx20080828004  |4 trl 
700 1 |a Forzano, Giovacchino,  |d 1883-1970  |7 xx0031387  |4 aut 
700 1 |a Gold, Didier,  |d 1874-1931  |7 xx0176889  |4 aut 
700 1 |a Puccini, Giacomo,  |d 1858-1924  |7 jn20000604528  |4 cmp 
740 0 2 |a Schwester Angelica 
740 0 2 |a Gianni Schicchi 
910 |a BOA001  |b 2-0261.791 
990 |a BK 
993 |a Y 
991 |b 201510 
996 6 |b 2618906774  |c 2-0261.791  |l MZK  |r Sklad / do 24 hodin  |n 1  |w 001530603  |u 000010  |a 1  |e BOA001  |j MZK50  |s P